Limnology (Record no. 8632)

000 -LEADER
fixed length control field 00219nam a22001217a 4500
040 ## - CATALOGING SOURCE
Transcribing agency SK
082 ## - DEWEY DECIMAL CLASSIFICATION NUMBER
Classification number 551
100 ## - MAIN ENTRY--AUTHOR NAME
Personal name ROBERT G.
245 ## - TITLE STATEMENT
Title Limnology
260 ## - PUBLICATION, DISTRIBUTION, ETC. (IMPRINT)
Place of publication LONDON
Name of publisher ROB
Year of publication 1981
300 ## - PHYSICAL DESCRIPTION
Number of Pages 743p.
942 ## - ADDED ENTRY ELEMENTS (KOHA)
Koha item type សៀវភៅភាសាអង់គ្លេស
952 ## - LOCATION AND ITEM INFORMATION (KOHA)
Withdrawn status [LOCAL, KOHA] 0
Holdings
Permanent Location Date acquired Koha item type Lost status Shelving location Barcode Current Location Full call number
Library Block C2016-08-08សៀវភៅភាសាអង់គ្លេស C072RUA062466Library Block C551 ROB 1981 C172
មជ្ឈមណ្ឌលឯការនៃសាកលវិទ្យាល័យភូមិន្ទកសិកម្មចំការដូង

Powered by Koha